| 000 | 00634cam a2200229 i 4500 | ||
|---|---|---|---|
| 999 |
_c119452 _d119452 |
||
| 001 | 17883312 | ||
| 005 | 20201022085858.0 | ||
| 008 | 130910s2015 maua 001 0 eng | ||
| 020 | _a97812920557231 | ||
| 040 | _cPK-LaUMT | ||
| 082 | 0 | 0 |
_a612 _223 _bVIS- |
| 245 | 1 | 0 |
_aVisual anatomy & physiology / _cby Frederic H. Martini . . . [et al.] |
| 250 | _a2nd ed. | ||
| 260 |
_aBoston : _bPearson, _c2015 |
||
| 300 |
_a1230 p. : _bcolor illustrations ; _c29 cm |
||
| 500 | _aIncludes index. | ||
| 650 | 1 | 2 | _aAnatomy. |
| 650 | 1 | 2 | _aPhysiological Phenomena. |
| 650 | 1 | 2 | _aHealth sciences |
| 650 | 1 | 2 | _aHuman physiology |
| 942 | _cBK | ||